000 02528cab a2200277 a 4500
005 20260415064244.0
008 991125c2020 ck fr p o 000 0 spa d
035 _aUPN01000235913
040 _aMX-MxUPN
_bspa
_eaacr2
_cMX-MxUPN
049 _aART-E
100 1 _aJardey Suárez, Oscar
_947597
100 1 _aHurtado Márquez, Alejandro
_947598
100 1 _aPulido Cardozo, Oscar Antonio
_947599
245 0 0 _aVariables del estrés académico en estudiantes que cursan matemáticas en una facultad de ciencias administrativas y contables
_h[recurso electrónico en línea]
506 0 _aAcceso abierto
520 3 _aEste documento describe las variables que subyacen al estrés académico (ea) en estudiantes que cursan asignaturas de matemáticas en una facultad de ciencias económico-administrativas y contables (Faceac) en una universidad privada de Bogotá, Colombia. El inventario de estrés académico (iea) utilizado fue el de Polo, Hernández y Pozo, de 1996, con el fin de medir dos dimensiones: respuestas al estrés y actividades que producen estrés. En la aplicación del iea se verificó el coeficiente de alfa de Cronbach y se utilizó el método de análisis de componentes principales (acp) para determinar las variables subyacentes al EA. En la investigación participaron 463 estudiantes, que corresponde al 78,1% de la población estudiantil activa de esa facultad. Los resultados, después de verificar todos los supuestos estadísticos, indicaron que la confiabilidad del instrumento es de 0,927; el análisis exploratorio forzado de los datos con acp (kmo de 0,913, sig. 0,000, gl 300), con el método de rotación varimax con Kaiser, arrojó tres variables que interpretan el 49,688% de la varianza. Las variables son respuestas al EA, interacción estudiantes-saber matemático y evaluación. Finalmente, cabe señalar que el ea de los estudiantes que cursan matemáticas en una Faceac debe tratarse desde la actividad docente, junto con programas del área direccionadas desde bienestar universitario tendientes al manejo adecuado del EA.
650 0 _aEstudiantes universitarios
_99298
650 4 _aEvaluación educativa
_94298
653 0 _aEstrés
653 0 _aDidáctica de las matemáticas
773 _gVol. 13, no. 1 (2020) p. 37-49
_tAcademia y virtualidad
_x2011-0731
856 4 _uhttps://revistas.unimilitar.edu.co/index.php/ravi/article/view/3713/3738
856 4 _uhttps://doi.org/10.18359/ravi.3713
_zConsultar articulo completo
905 _aArticulo
942 _cART-E
999 _c208008
_d208008